Yüklüyor......

The Earth's biosphere evolution, dynamics and change

Detaylı Bibliyografya
Yazar: Smil, Vaclav
Materyal Türü: Printed Book
Baskı/Yayın Bilgisi: Cambridge, The MIT Press 2002
LEADER 004000000a22001210004500
082 |a 550 SMI 
100 |a Smil, Vaclav  |9 151543 
245 |a The Earth's biosphere evolution, dynamics and change 
260 |a Cambridge, The MIT Press 
260 |c 2002 
942 |c BK 
999 |c 181565  |d 181561 
952 |0 0  |1 0  |4 0  |6 550_000000000000000_SMI  |7 0  |9 180230  |a SES  |b SES  |d 2019-05-17  |l 0  |o 550 SMI  |p SES04754  |r 2019-05-17  |w 2019-05-17  |y BK